000 00708nam a2200289Ia 4500
005 20260324114900.0
008 008 260324s9999 xx 000 0 eng d
020 _a9780367823061
037 _aEBOOK
040 _aCRL
040 _beng
040 _cCRL
041 _2eng
041 _aeng
084 _qCRL
100 _aAngela Ehling; Friedrich Häfner; Heiner Siedel
_91152518
245 0 _aNatural Stone and World Heritage
245 0 _bUNESCO Sites in Germany
260 _bTaylor and Francis
260 _c2021
365 _a
365 _b160
856 _uhttp://www.taylorfrancis.com/books/9780367823061
942 _cEBOOK
999 _c1742974
_d1742974